00458cam a22001097a 4500008004000000082003100040100002500071245012300096260004500219300000900264440007500273180718b1966 xxu||||| |||| 00| 0 eng d aA81x54 In2/61/Vol 2/Pt 6-4 aCensus of India 1961 aAndhra Pradesh: village survey monographs, a monograph on Kannapudoravalasa (Parvathipuram taluk, Srikakulam district) aDelhibThe Manager of Publicationsc1966 av.p. aCensus of India 1961. Volume II, Andhra Pradesh. Part VI. Serial No. 4